[Event "9th Asia-ch (women)"]
[Site "Chennai IND"]
[Date "2001.09.10"]
[Round "9"]
[White "Sultana, Zakia"]
[Black "Khamrakulova, Iroda"]
[Result "0-1"]
[WhiteElo "2012"]
[BlackElo "2217"]
[EventDate "2001.09.03"]
[PlyCount "80"]

1.d4 Nf6 2.Nf3 e6 3.Bg5 d5 4.e3 Be7 5.Bd3 O-O 6.O-O Nbd7 7.Nbd2 c5 8.c3 b6
9.Re1 Bb7 10.Rc1 Ne4 11.Bxe7 Qxe7 12.Nf1 f5 13.N3d2 Rf6 14.f3 Nxd2 15.Qxd2
Raf8 16.f4 Rh6 17.Qf2 Nf6 18.h3 Ne4 19.Bxe4 fxe4 20.Rc2 Qf7 21.Qg3 Rg6 22.
Qh4 Rh6 23.Qg3 Qe7 24.Rf2 Rg6 25.Qh2 Ba6 26.Kh1 h5 27.g3 Bd3 28.Nd2 a5 29.
a3 Qd7 30.b3 a4 31.b4 cxb4 32.cxb4 Rc8 33.Qg1 Rc3 34.Ra1 Ba6 35.Rh2 Qc8 
36.Qe1 Rc2 37.Rg2 e5 38.fxe5 Qxh3+ 39.Kg1 h4 40.Rb1 Rxg3 0-1

[Event "9th Asia-ch (women)"]
[Site "Chennai IND"]
[Date "2001.09.10"]
[Round "9"]
[White "Hamid, Rani"]
[Black "Prathiba, Yuvarajan"]
[Result "1-0"]
[WhiteElo "2130"]
[BlackElo "2054"]
[EventDate "2001.09.03"]
[PlyCount "151"]

1.e4 e6 2.d4 d5 3.Nc3 Bb4 4.e5 c5 5.a3 Bxc3+ 6.bxc3 Ne7 7.Nf3 Nbc6 8.a4 
Qa5 9.Bd2 Bd7 10.Bd3 c4 11.Be2 f6 12.exf6 gxf6 13.O-O O-O-O 14.Qc1 Ng6 15.
Qb2 Kb8 16.Rfb1 Bc8 17.Qa3 Ka8 18.Rb5 Qc7 19.a5 Rhg8 20.Qc5 Qd6 21.Qxd6 
Rxd6 22.Bh6 Nce7 23.Rab1 Ra6 24.g3 Nc6 25.h4 Rxa5 26.Rxa5 Nxa5 27.h5 Ne7 
28.Bf4 b6 29.Nh2 Nac6 30.g4 e5 31.dxe5 fxe5 32.Bg3 Be6 33.Re1 d4 34.Bf3 
Bd5 35.Bxd5 Nxd5 36.cxd4 exd4 37.f3 Ncb4 38.Re5 d3 39.cxd3 c3 40.Be1 c2 
41.Bd2 Rc8 42.h6 c1=Q+ 43.Bxc1 Rxc1+ 44.Nf1 Nf4 45.Re7 Nbxd3 46.Rxh7 Ne5 
47.Rh8+ Kb7 48.h7 Nfg6 49.Rg8 Rc8 50.f4 Nf3+ 51.Kf2 Nfh4 52.f5 Nh8 53.Kg3 
Nxf5+ 54.gxf5 a5 55.Ne3 a4 56.Nd5 a3 57.Nb4 b5 58.Kf4 Rc4+ 59.Kg5 Rxb4 60.
Rxh8 a2 61.Rb8+ Kxb8 62.h8=Q+ Kc7 63.Qh2+ Kc6 64.Qxa2 Ra4 65.Qg2+ Kb6 66.
f6 Ra7 67.Qf2+ Ka6 68.Qxa7+ Kxa7 69.f7 Kb6 70.f8=Q Ka5 71.Qa3+ Kb6 72.Kf5 
Kc6 73.Ke5 Kb6 74.Kd6 Kb7 75.Qa5 Kb8 76.Kc6 1-0

[Event "9th Asia-ch (women)"]
[Site "Chennai IND"]
[Date "2001.09.11"]
[Round "10"]
[White "Vijayalakshmi, Subbaraman"]
[Black "Ramaswamy, Aarthie"]
[Result "1-0"]
[WhiteElo "2397"]
[BlackElo "2249"]
[EventDate "2001.09.03"]
[PlyCount "77"]

1.Nf3 d6 2.g3 g6 3.Bg2 Bg7 4.O-O e5 5.c4 f5 6.Nc3 Nf6 7.d4 e4 8.Ne1 O-O 9.
f3 exf3 10.exf3 Kh8 11.Nc2 d5 12.b3 Nc6 13.Re1 dxc4 14.bxc4 Re8 15.Be3 Na5
16.Qd3 c6 17.Rad1 Be6 18.d5 Bf7 19.f4 Qd7 20.Bd4 Kg8 21.Be5 Rac8 22.Ne3 
Red8 23.Qb1 Qe8 24.Bxf6 Bxf6 25.Ng4 Qxe1+ 26.Rxe1 Bxc3 27.Nh6+ Kf8 28.Nxf7
Kxf7 29.Rd1 Bf6 30.d6 b6 31.Qd3 Nb7 32.d7 Rc7 33.Bxc6 Nc5 34.Qd5+ Kg7 35.
Qd6 Na6 36.Bb5 Rc5 37.Bxa6 Kf7 38.Bb7 Kg7 39.Re1 1-0

[Event "9th Asia-ch (women)"]
[Site "Chennai IND"]
[Date "2001.09.11"]
[Round "10"]
[White "Swathi, Ghate"]
[Black "Meenakshi, Subbaraman"]
[Result "1-0"]
[WhiteElo "2260"]
[BlackElo "2245"]
[EventDate "2001.09.03"]
[PlyCount "53"]

1.e4 e5 2.Bc4 Nf6 3.d3 Be7 4.Nc3 d6 5.f4 Nc6 6.Nf3 Bg4 7.Bb5 Nd7 8.Bxc6 
bxc6 9.f5 h5 10.Be3 Qb8 11.Rb1 Qb7 12.h3 Bxf3 13.Qxf3 Nf6 14.O-O O-O-O 15.
Qf2 Rdg8 16.b4 g5 17.fxg6 fxg6 18.b5 Kd7 19.d4 cxb5 20.dxe5 Nxe4 21.Qf3 
Nc5 22.e6+ Kd8 23.Rxb5 Qc8 24.Bxc5 Rf8 25.Qc6 Rxf1+ 26.Kxf1 dxc5 27.Rb8 
1-0

[Event "9th Asia-ch (women)"]
[Site "Chennai IND"]
[Date "2001.09.11"]
[Round "10"]
[White "Yu Ting"]
[Black "Mohota, Nisha"]
[Result "0-1"]
[WhiteElo "2256"]
[BlackElo "2236"]
[EventDate "2001.09.03"]
[PlyCount "72"]

1.e4 c5 2.Nf3 d6 3.d4 cxd4 4.Nxd4 Nf6 5.Nc3 a6 6.Bc4 e6 7.Bb3 b5 8.O-O Be7
9.Qf3 Qc7 10.Qg3 Nc6 11.Nxc6 Qxc6 12.f3 O-O 13.Bh6 Ne8 14.Kh1 Kh8 15.Bg5 
Bxg5 16.Qxg5 Nf6 17.Rfd1 Bb7 18.Rd4 Qc5 19.Qd2 Rfd8 20.Rd1 Ne8 21.f4 Rdc8 
22.Qe2 Rc7 23.a3 Rac8 24.f5 exf5 25.Nd5 Bxd5 26.Rxd5 Qa7 27.exf5 Re7 28.
Qd2 Re4 29.Rf1 Qe7 30.Kg1 Rc5 31.f6 gxf6 32.h3 Re2 33.Qd3 Nc7 34.Rxd6 Rg5 
35.Rf2 Re1+ 36.Kh2 Qe5+ 0-1

[Event "9th Asia-ch (women)"]
[Site "Chennai IND"]
[Date "2001.09.11"]
[Round "10"]
[White "Sergeeva, Maria"]
[Black "Geldieva, Mekhri"]
[Result "1-0"]
[WhiteElo "2327"]
[BlackElo "2284"]
[EventDate "2001.09.03"]
[PlyCount "113"]

1.e4 d5 2.exd5 Qxd5 3.Nc3 Qa5 4.d4 Nf6 5.Bc4 Bg4 6.f3 Bf5 7.g4 Bg6 8.g5 
Nfd7 9.Bd2 c6 10.Qe2 Qc7 11.O-O-O Nb6 12.Bb3 e6 13.f4 Bd6 14.Rf1 Bf5 15.
Nf3 Na6 16.Nh4 O-O-O 17.Nxf5 exf5 18.Qf2 Qd7 19.Na4 Nd5 20.a3 Kb8 21.c4 
Ndc7 22.Nc3 Ne6 23.Be3 b6 24.Rd1 Qc7 25.Rhf1 h6 26.g6 c5 27.Nb5 Qb7 28.
gxf7 Qxf7 29.d5 Nec7 30.Nxd6 Rxd6 31.Bc2 Ne8 32.Rg1 Rd7 33.Ba4 Rd8 34.b4 
Qf6 35.Kc2 Nd6 36.bxc5 Ne4 37.Qe1 bxc5 38.Rb1+ Kc8 39.Qa5 Rd6 40.Bc6 Nb4+ 
41.Rxb4 Qc3+ 42.Kb1 cxb4 43.Qxb4 Qxb4+ 44.axb4 Rg8 45.Kc2 g5 46.Bxa7 g4 
47.Bb6 g3 48.Ra1 Rxc6 49.dxc6 Kb8 50.hxg3 Nd6 51.Bc5 Nc8 52.Ra3 Kc7 53.b5 
h5 54.Rd3 Rg6 55.Rd7+ Kb8 56.Bd4 Rg8 57.b6 1-0

[Event "9th Asia-ch (women)"]
[Site "Chennai IND"]
[Date "2001.09.11"]
[Round "10"]
[White "Levushkina, Elena"]
[Black "Khegai, Angela"]
[Result "1-0"]
[WhiteElo "2208"]
[BlackElo "2235"]
[EventDate "2001.09.03"]
[PlyCount "129"]

1.e4 g6 2.d4 Bg7 3.Nf3 d6 4.c3 Nf6 5.Bd3 O-O 6.O-O Nbd7 7.Nbd2 e5 8.dxe5 
dxe5 9.Qc2 b6 10.b4 Nh5 11.Rd1 Bb7 12.Nc4 h6 13.Bf1 Qe7 14.Nfd2 f5 15.f3 
f4 16.Nb3 Rfd8 17.a4 Bf8 18.Ncd2 g5 19.a5 Rac8 20.axb6 axb6 21.Ra7 Rb8 22.
Ba6 Bxa6 23.Rxa6 Ndf6 24.Bb2 g4 25.Rda1 Qe6 26.Ra7 Rd7 27.Ra8 Rxa8 28.Rxa8
gxf3 29.Nxf3 Ng4 30.Bc1 Ne3 31.Bxe3 fxe3 32.Ra1 Nf4 33.Re1 Rg7 34.g3 h5 
35.Rxe3 h4 36.Nxh4 Qh3 37.Nf5 Rg5 38.Qf2 Qh7 39.Qd2 Qf7 40.Nc1 Rg6 41.Qa2 
c5 42.Qxf7+ Kxf7 43.Kf1 Nh5 44.Nd3 Ke6 45.bxc5 bxc5 46.c4 Nf6 47.Nf2 Rg8 
48.Nh4 Rg7 49.Ra3 Rb7 50.g4 Rb4 51.Ra6+ Kf7 52.Nd3 Rb1+ 53.Ke2 Nxg4 54.h3 
Rh1 55.hxg4 Rxh4 56.Nxe5+ Kg7 57.Kf3 Rh1 58.g5 Rf1+ 59.Kg4 Rg1+ 60.Kf5 Be7
61.Ra7 Rxg5+ 62.Kf4 Kf8 63.Rxe7 Rg1 64.Rc7 Rf1+ 65.Nf3 1-0

[Event "9th Asia-ch (women)"]
[Site "Chennai IND"]
[Date "2001.09.11"]
[Round "10"]
[White "Kasturi, M."]
[Black "Le Kieu Thien Kim"]
[Result "1/2-1/2"]
[WhiteElo "2115"]
[BlackElo "2307"]
[EventDate "2001.09.03"]
[PlyCount "115"]

1.e4 Nf6 2.e5 Nd5 3.Nc3 Nxc3 4.bxc3 d6 5.f4 g6 6.d4 Bg7 7.Nf3 O-O 8.Bd3 c5
9.O-O dxe5 10.dxe5 Nc6 11.Be3 Qc7 12.Qe1 e6 13.Bxc5 Nxe5 14.Bxf8 Nxf3+ 15.
Rxf3 Bxc3 16.Qd1 Kxf8 17.Rb1 Bf6 18.Be4 Rb8 19.Qd3 Qc5+ 20.Kh1 b5 21.Rd1 
Be7 22.Qc3 Qxc3 23.Rxc3 a5 24.Rc7 e5 25.fxe5 Bg4 26.Rd3 Be6 27.Bd5 Bf5 28.
Rf3 h5 29.Kg1 b4 30.Bb3 Ra8 31.e6 f6 32.g3 a4 33.Bd5 Rd8 34.Bc4 Rd1+ 35.
Kf2 Rd2+ 36.Ke1 Rd8 37.h3 Re8 38.g4 hxg4 39.hxg4 Bxg4 40.Rxf6+ Bxf6 41.
Rf7+ Kg8 42.Rxf6 Kg7 43.Rf7+ Kh6 44.e7 Bd7 45.Kf2 g5 46.Bd3 g4 47.Kg3 Kg5 
48.Be2 Rc8 49.Bxg4 Bxg4 50.Rg7+ Kf6 51.Rxg4 Rc3+ 52.Kh4 Kxe7 53.Rxb4 a3 
54.Rb3 Rxc2 55.Rxa3 Kd6 56.Ra8 Kc7 57.a4 Kb7 58.Ra5 1/2-1/2

[Event "9th Asia-ch (women)"]
[Site "Chennai IND"]
[Date "2001.09.11"]
[Round "10"]
[White "Hamid, Rani"]
[Black "Gokhale, Anupama"]
[Result "1/2-1/2"]
[WhiteElo "2130"]
[BlackElo "2251"]
[EventDate "2001.09.03"]
[PlyCount "60"]

1.e4 e5 2.Nf3 Nc6 3.Bb5 Nf6 4.O-O Nxe4 5.d4 Be7 6.dxe5 O-O 7.Qe2 Nc5 8.Nc3
a6 9.Bc4 b5 10.Bd5 Bb7 11.Rd1 Qe8 12.a4 b4 13.Ne4 Ne6 14.Ng3 f5 15.exf6 
Bxf6 16.Ne4 Kh8 17.Qc4 Rb8 18.Bxe6 Qxe6 19.Qxe6 dxe6 20.Nxf6 gxf6 21.Be3 
Rbd8 22.Bc5 Rg8 23.Ne1 a5 24.f3 Kg7 25.Kf2 Kf7 26.Nd3 Ba6 27.Nf4 Ne5 28.b3
Nd7 29.Be3 Ne5 30.Bc5 Nd7 1/2-1/2

[Event "9th Asia-ch (women)"]
[Site "Chennai IND"]
[Date "2001.09.11"]
[Round "10"]
[White "Sultana, Zakia"]
[Black "Gu Xiaobing"]
[Result "1-0"]
[WhiteElo "2012"]
[BlackElo "2300"]
[EventDate "2001.09.03"]
[PlyCount "61"]

1.d4 Nf6 2.c4 c5 3.e3 d5 4.Nf3 Nc6 5.Nc3 Bg4 6.cxd5 Nxd5 7.Bb5 e6 8.Qa4 
Rc8 9.Ne5 cxd4 10.exd4 Bb4 11.Bd2 Bxc3 12.bxc3 Bf5 13.Nxc6 bxc6 14.Bxc6+ 
Kf8 15.O-O g5 16.Bxd5 exd5 17.Rfe1 Be6 18.Qxa7 h5 19.Re5 g4 20.Qa3+ Kg7 
21.Rg5+ Kf6 22.Re1 h4 23.Rge5 Rg8 24.Qc1 Bf5 25.Bh6 Qd7 26.Qe3 h3 27.g3 
Rc7 28.f3 gxf3 29.Qxf3 Kg6 30.Bd2 Rc6 31.Rxd5 1-0

[Event "9th Asia-ch (women)"]
[Site "Chennai IND"]
[Date "2001.09.11"]
[Round "10"]
[White "Khan, Nazrana"]
[Black "Thipsay, Bagyashree Sathe"]
[Result "0-1"]
[WhiteElo "2129"]
[BlackElo "2241"]
[EventDate "2001.09.03"]
[PlyCount "58"]

1.d4 e6 2.c4 f5 3.Nf3 Nf6 4.Nc3 Bb4 5.Bd2 b6 6.e3 Bb7 7.Be2 O-O 8.O-O Bxc3
9.Bxc3 Ne4 10.Qc2 d6 11.Rad1 Nd7 12.b3 Ndf6 13.Bb2 Qe7 14.Rfe1 g5 15.Rc1 
g4 16.Nh4 Nxf2 17.Nxf5 exf5 18.Kxf2 g3+ 19.hxg3 Ne4+ 20.Kg1 Nxg3 21.Bf3 
Be4 22.Qc3 d5 23.cxd5 Qh4 24.Rf1 Bxf3 25.Rxf3 Qh1+ 26.Kf2 Ne4+ 27.Ke2 
Qxg2+ 28.Ke1 Nxc3 29.Rf2 Qg1+ 0-1

[Event "9th Asia-ch (women)"]
[Site "Chennai IND"]
[Date "2001.09.12"]
[Round "11"]
[White "Li Ruofan"]
[Black "Swathi, Ghate"]
[Result "1-0"]
[WhiteElo "2293"]
[BlackElo "2260"]
[EventDate "2001.09.03"]
[PlyCount "51"]

1.e4 e5 2.Nf3 Nc6 3.Bb5 a6 4.Ba4 Nf6 5.d3 b5 6.Bb3 Bc5 7.a4 Rb8 8.axb5 
axb5 9.O-O O-O 10.Nc3 h6 11.Nd5 d6 12.c3 Bg4 13.h3 Nxd5 14.hxg4 Nde7 15.
Nh4 g5 16.Nf5 Nxf5 17.gxf5 Kg7 18.g3 Ne7 19.Kg2 Ng8 20.f4 f6 21.Rh1 Qe8 
22.Qg4 Qe7 23.Rh5 exf4 24.gxf4 d5 25.Bxd5 Rfd8 26.fxg5 1-0

[Event "9th Asia-ch (women)"]
[Site "Chennai IND"]
[Date "2001.09.12"]
[Round "11"]
[White "Levushkina, Elena"]
[Black "Vijayalakshmi, Subbaraman"]
[Result "1/2-1/2"]
[WhiteElo "2208"]
[BlackElo "2397"]
[EventDate "2001.09.03"]
[PlyCount "135"]

1.e4 e5 2.Nf3 Nc6 3.Nc3 Nf6 4.d4 exd4 5.Nxd4 Bb4 6.Nxc6 bxc6 7.Bd3 d5 8.
exd5 cxd5 9.O-O O-O 10.Bg5 c6 11.Qf3 Bd6 12.Rae1 Rb8 13.Nd1 h6 14.Bxf6 
Qxf6 15.Qxf6 gxf6 16.b3 d4 17.Nb2 Bd7 18.Re4 Rfd8 19.Nc4 Bc5 20.Rf4 Kg7 
21.Bf5 Bxf5 22.Rxf5 Bb4 23.Rd1 Re8 24.g3 Bc3 25.Kf1 Re6 26.Nd2 Rbe8 27.Nf3
Rd8 28.Rc5 Bb4 29.Rc4 c5 30.Nxd4 Kh7 31.Rd3 Ra6 32.a4 Rb6 33.Nb5 Rxd3 34.
cxd3 a6 35.Nc7 Ba3 36.Rc3 Rd6 37.Ke2 Kg6 38.Rc4 f5 39.Kd2 f6 40.Kc3 Kf7 
41.d4 cxd4+ 42.Kd3 Bb2 43.b4 Ke7 44.b5 axb5 45.Nxb5 Rd7 46.Nxd4 Kf7 47.Ke3
Kg6 48.Nb5 Be5 49.Rc2 Bb8 50.Ra2 Rd5 51.Rb2 Kg5 52.f4+ Kg4 53.a5 Rd1 54.
Ra2 Rb1 55.Nc3 Ba7+ 56.Kd3 Rb4 57.a6 Kh3 58.Ra5 Kxh2 59.Nb5 Bb6 60.a7 Bxa7
61.Nxa7 Kxg3 62.Rxf5 Rxf4 63.Rh5 Rh4 64.Rf5 Rg4 65.Nc6 Rf4 66.Rh5 Rh4 67.
Rf5 Rf4 68.Rh5 1/2-1/2

[Event "9th Asia-ch (women)"]
[Site "Chennai IND"]
[Date "2001.09.12"]
[Round "11"]
[White "Wang Yu"]
[Black "Nguyen Thi Thanh An"]
[Result "0-1"]
[WhiteElo "2382"]
[BlackElo "2275"]
[EventDate "2001.09.03"]
[PlyCount "92"]

1.e4 e5 2.Nf3 Nf6 3.Nxe5 d6 4.Nf3 Nxe4 5.d4 d5 6.Bd3 Bd6 7.O-O O-O 8.c4 c6
9.Qc2 Na6 10.a3 f5 11.Nc3 Nc7 12.b4 Kh8 13.c5 Be7 14.Bf4 Ne6 15.Be5 Bf6 
16.Rfd1 Bd7 17.Rab1 Be8 18.Be2 Bh5 19.Na4 Qe8 20.b5 Bxe5 21.dxe5 Nf4 22.
Re1 Qg6 23.Nh4 Qg5 24.Bxh5 Nh3+ 25.Kf1 Qxh4 26.Bf3 Nhxf2 27.Kg1 Ng4 28.g3 
Qh6 29.bxc6 bxc6 30.Bxg4 fxg4 31.Rxe4 dxe4 32.Qxe4 Rae8 33.Re1 Qe6 34.Nb2 
Qd5 35.Qxd5 cxd5 36.Nd3 Rf3 37.Nb4 d4 38.c6 Rxa3 39.Rd1 Rc3 40.Rxd4 a5 41.
Nd3 Rxc6 42.Rxg4 Rc3 43.Rd4 Kg8 44.Kf1 a4 45.Ke2 a3 46.Kd2 Rcc8 0-1

[Event "9th Asia-ch (women)"]
[Site "Chennai IND"]
[Date "2001.09.12"]
[Round "11"]
[White "Huang Qian"]
[Black "Sergeeva, Maria"]
[Result "1-0"]
[WhiteElo "2260"]
[BlackElo "2327"]
[EventDate "2001.09.03"]
[PlyCount "59"]

1.d4 Nf6 2.c4 g6 3.Nc3 Bg7 4.Nf3 d6 5.g3 O-O 6.Bg2 Nbd7 7.O-O e5 8.e4 exd4
9.Nxd4 Nc5 10.h3 Re8 11.Re1 h6 12.Kh2 Bd7 13.Rb1 a6 14.b4 Ne6 15.Be3 Qc8 
16.f4 h5 17.Qd3 a5 18.Nxe6 Bxe6 19.b5 Nd7 20.Rbd1 Qd8 21.Bd4 Nc5 22.Qe3 
Bxd4 23.Qxd4 h4 24.g4 g5 25.f5 Bd7 26.e5 c6 27.exd6 Qb6 28.Qf6 Qd8 29.Re7 
Rxe7 30.Qxg5+ 1-0

[Event "9th Asia-ch (women)"]
[Site "Chennai IND"]
[Date "2001.09.12"]
[Round "11"]
[White "Ramaswamy, Aarthie"]
[Black "Khamrakulova, Iroda"]
[Result "1-0"]
[WhiteElo "2249"]
[BlackElo "2217"]
[EventDate "2001.09.03"]
[PlyCount "59"]

1.e4 c5 2.Nf3 d6 3.d4 cxd4 4.Nxd4 Nf6 5.Nc3 g6 6.Be3 Bg7 7.f3 O-O 8.Bc4 
Nc6 9.Qd2 Bd7 10.O-O-O Rc8 11.Bb3 Na5 12.Kb1 Nc4 13.Bxc4 Rxc4 14.g4 a6 15.
h4 h5 16.gxh5 Nxh5 17.Rdg1 Kh7 18.Rg5 Bf6 19.Rxh5+ gxh5 20.Qd3 Rxc3 21.
Qxc3 e5 22.Ne2 Bxh4 23.Qd2 Be6 24.Nc3 f5 25.Qh2 fxe4 26.Nxe4 Rxf3 27.Ng5+ 
Bxg5 28.Qxh5+ Kg7 29.Bxg5 Qa5 30.Bh6+ 1-0

[Event "9th Asia-ch (women)"]
[Site "Chennai IND"]
[Date "2001.09.12"]
[Round "11"]
[White "Le Kieu Thien Kim"]
[Black "Gokhale, Anupama"]
[Result "0-1"]
[WhiteElo "2307"]
[BlackElo "2251"]
[EventDate "2001.09.03"]
[PlyCount "152"]

1.d4 Nf6 2.Nf3 g6 3.Bf4 Bg7 4.e3 O-O 5.h3 c5 6.c3 b6 7.Nbd2 Bb7 8.Be2 d6 
9.O-O Nbd7 10.a4 a6 11.Bh2 Re8 12.Qb1 Rc8 13.Rd1 Bh6 14.Qa2 cxd4 15.exd4 
Rf8 16.Re1 Nh5 17.Rad1 Nf4 18.Bf1 Nf6 19.g3 Ne6 20.Bg2 Qd7 21.c4 Bxd2 22.
Rxd2 Bxf3 23.Bxf3 Ng5 24.Bg2 Nxh3+ 25.Kf1 Ng5 26.b3 Qf5 27.Qc2 Nf3 28.Bxf3
Qxf3 29.Kg1 Rfe8 30.Qd3 Qxd3 31.Rxd3 d5 32.cxd5 Nxd5 33.g4 e6 34.Be5 Rc6 
35.g5 Rec8 36.Kg2 Rc1 37.Re2 R8c3 38.Rxc3 Rxc3 39.Rb2 f6 40.gxf6 Kf7 41.
Rb1 a5 42.Rb2 h5 43.Rb1 Rc2 44.Kf3 g5 45.Kg3 Kg6 46.Kf3 Nxf6 47.b4 axb4 
48.Rxb4 Nd5 49.Rb1 Ra2 50.Rc1 Ra3+ 51.Kg2 Rxa4 52.Rc8 Ra2 53.Kg3 Nf6 54.
Rc6 Ne4+ 55.Kf3 Kf5 56.Rc8 Rxf2+ 57.Ke3 b5 58.Rb8 b4 59.Rxb4 Ra2 60.Rb8 
Ra3+ 61.Ke2 Nc3+ 62.Kf2 Nd5 63.Rf8+ Kg4 64.Re8 Ra2+ 65.Kg1 Nf4 66.Rg8 Rd2 
67.Bf6 Nh3+ 68.Kh1 Rd1+ 69.Kh2 Rd2+ 70.Kh1 Rf2 71.Be5 h4 72.Rg6 Nf4 73.Rg8
Kf5 74.Rf8+ Kg4 75.Rg8 Ne2 76.Rg6 Kh3 0-1

[Event "9th Asia-ch (women)"]
[Site "Chennai IND"]
[Date "2001.09.12"]
[Round "11"]
[White "Thipsay, Bagyashree Sathe"]
[Black "Dhar-Barua, Saheli"]
[Result "1/2-1/2"]
[WhiteElo "2241"]
[BlackElo "2248"]
[EventDate "2001.09.03"]
[PlyCount "22"]

1.e4 e6 2.d4 d5 3.e5 c5 4.c3 Nc6 5.Nf3 Qb6 6.a3 c4 7.Nbd2 Na5 8.Be2 Bd7 9.
O-O O-O-O 10.Rb1 f6 11.Re1 Kb8 1/2-1/2

[Event "9th Asia-ch (women)"]
[Site "Chennai IND"]
[Date "2001.09.12"]
[Round "11"]
[White "Gu Xiaobing"]
[Black "Hamid, Rani"]
[Result "1-0"]
[WhiteElo "2300"]
[BlackElo "2130"]
[EventDate "2001.09.03"]
[PlyCount "65"]

1.e4 c5 2.Nf3 Nc6 3.c3 d5 4.exd5 Qxd5 5.d4 e6 6.Be2 Nf6 7.O-O cxd4 8.cxd4 
Be7 9.Nc3 Qd8 10.Be3 O-O 11.Rc1 b6 12.a3 Bb7 13.b4 h6 14.Qb3 Rc8 15.Rfd1 
Nb8 16.Ne5 Nd5 17.Bc4 a6 18.Ne2 b5 19.Bd3 Qd6 20.Bb1 Nd7 21.Qd3 N7f6 22.
Rxc8 Rxc8 23.Bd2 Nb6 24.Qg3 Kf8 25.Bg6 Nc4 26.Bxf7 Nxd2 27.Nf4 Qxe5 28.
dxe5 Kxf7 29.exf6 Bxf6 30.Qe3 Ne4 31.f3 Rc4 32.fxe4 Rxe4 33.Qc5 1-0

[Event "9th Asia-ch (women)"]
[Site "Chennai IND"]
[Date "2001.09.12"]
[Round "11"]
[White "Khan, Nazrana"]
[Black "Prathiba, Yuvarajan"]
[Result "0-1"]
[WhiteElo "2129"]
[BlackElo "2054"]
[EventDate "2001.09.03"]
[PlyCount "86"]

1.d4 e6 2.Nf3 f5 3.Bg5 Nf6 4.e3 d5 5.Bd3 Bd6 6.Nbd2 O-O 7.O-O Nbd7 8.c4 c6
9.Rc1 h6 10.Bxf6 Nxf6 11.Ne5 Bxe5 12.dxe5 Ng4 13.Nf3 Qc7 14.cxd5 exd5 15.
Be2 Qe7 16.Qd4 Re8 17.Rc3 Nxe5 18.Ra3 Nxf3+ 19.Bxf3 Qe5 20.Qd2 b6 21.g3 
Be6 22.Rc3 Rac8 23.Rfc1 Qd6 24.Ra3 Re7 25.Rd3 Qe5 26.Rdc3 c5 27.Rd3 Rd8 
28.Rd1 Red7 29.Bg2 d4 30.exd4 Rxd4 31.Rxd4 Rxd4 32.Qe1 Rxd1 33.Qxd1 Bxa2 
34.b3 Kh7 35.Qc2 Qe1+ 36.Bf1 Bb1 37.Qc4 Be4 38.g4 Qd1 39.Qe2 Qxe2 40.Bxe2 
Bc2 41.gxf5 Bxb3 42.Bd3 c4 43.Be4 c3 0-1